000 02415cam a2200577 a 4500
001 20478
003 VRT
005 20260122150456.0
008 240611s1995 xo gra 000 1 slo
015 _aSNBA1996/01
020 _a8071400564
035 _aSNK000039578
035 _aurn:nbn:sk:snk-amkebd
035 _aurn:nbn:sk:snk-am003tdy
035 _a24082FD2-BCD9-43BA-8A4F-F18AF09DF51A
039 9 _a202407101510
_bcsnk01
_c202406111243
_dVLOAD
_c202403141526
_dVLOAD
_c202402262017
_dVLOAD
040 _aSNK
_bslo
_cSNK
_eAACR2
041 0 _aslo
044 _axo
_cSK
080 _a885.4-4
_21981
080 _a885.4-3
_21981
100 1 _aŽáry, Štefan,
_d1918-2007
_4aut
245 1 0 _aNedávny dávny svet
_cŠtefan Žáry
250 _a1. vyd.
260 _aLiptovský Mikuláš
_bTranoscius
_c1995
300 _a154 s.
_c21 cm
500 _aFotografia na frontispice
655 7 _aslovenské povesti
_2SNKPH
655 7 _aslovenské eseje
_2SNKPH
700 1 _aBrož, Robert,
_d1939-2011
_4ill
942 _2ddc
_cKLDO
_n0
949 _6270001000019613
_asvkbbA 89865
_p597.121
949 _6270001000019614
_asvkbbA 89865
_p596.860
949 _60174096645
_aleskn 2684
_blesknLV9833
_o[RO] <ZD>
949 _60174096646
_aleskn 2684
_blesknLV9834
_o[RO] <ZD>
_s6724:20140331
949 _60174096647
_aleskn 2684
_blesknLV9835
_o[RO] <ZD>
_s6724:20100824
949 _60174096648
_aleskn 2684
_blesknLV9836
_o[RO] <ZD>
_s6724:20100824
949 _60174096649
_aleskn 2684
_blesknLV9837
_o[RO] <ZD>
_s6724:20100824
949 _60174096650
_aleskn 2684
_blesknLV9838
_o[RO] <BA>
_s6724:20150512
949 _60174096651
_aleskn 2684
_blesknLV9839
_o[RO] <Met>
_qKniha do skladu.
_s6724:20110815
949 _60174096652
_aleskn 2684
_blesknLV9840
_o[RO] <Met>
_s6724:20110815
_s5720:20100625
949 _60174096653
_aleskn 2684
_blesknLV9841
_o[RO] <Met>
_qKniha do skladu.
_s6724:20110815
949 _60174096654
_aleskn 2684
_blesknLV9842
_o[RO] <Met>
_qKniha do skladu.
_s6724:20110815
949 _62889060662
_asavukS 117157
949 _617A1014079
_asnkSC 89542
_bsnkKSP 10266/95
_s6100:20140925
949 _9P60, <09>, [BOOK], {629}
_asnkC 2144
_bsnk4210/951207
949 _617A0079249
_9P60, <04>, [BOOK], {604}
_asnkSC 89542 D1
_bsnkKSP 10267/95
949 _6273K0214698
_asvkpoA 166463
_bsvkpo412818
_oPV 3679/95
999 _c20478
_d20478